000 00563nam a22001937a 4500
003 SISC
005 20160322084547.0
008 130815t xxu||||| |||| 00| 0 eng d
020 _a9710868357
050 _aKPM 1744
_b.N793 2007
082 _aHS 342
_bN62 2007
100 _aNolledo, Jose N.
_9438
245 _aThe 1987 constitution of the republic of the Philippines /
_cJose M. Nolledo
260 _aMandaluyong City :
_bNational Boookstore,
_cc2007.
300 _a124 p. :
_c14 cm.
650 _aPhilippines
_910767
942 _2lcc
_cBK
999 _c8695
_d8695